| 000 | 00456nam a2200145 a 4500 | ||
|---|---|---|---|
| 005 | 20140310182410.0 | ||
| 008 | 130828s19uu xx 00 eng d | ||
| 020 | _a9780753720851 | ||
| 245 | _aTell me what?. | ||
| 260 |
_aLondon : _bChancellor Press, _c2010. |
||
| 300 | _a207 | ||
| 520 | _aOur world. -- The Human Body. -- The Natural World. -- Outer space. -- History and events. -- General knowledge. | ||
| 650 | _aQuestions and answers. | ||
| 942 | _cBK | ||
| 999 |
_c12830 _d12830 |
||